LDR 00864naa#a2200169#i#450# 001 RU\\bibl\121369 005 20260517203156.7 011 ## _a1994-4683 100 ## _a20230803b2023####ek#y0rusy0150####ca 102 ## _aRU 200 1# _aХАРАКТЕРИСТИКИ ПРОЦЕССА АДАПТАЦИИ ЛИЧНОСТИ В СОВРЕМЕННОЙ ПСИХОЛОГО-ПЕДАГОГИЧЕСКОЙ НАУКЕ _eЖурнальная статья 210 1# _aМосква _cНациональный государственный Университет физической культуры, спорта и здоровья им. П.Ф. Лесгафта _d2023 215 ## _a3 с. 608 ## _aЖурнальная статья _2local 675 ## _aОбработка и анализ результатов. 159.9.075 _z 700 #1 _aЛокаткова _gО Н 856 4# _auchzapiski.lesgaft.spb.ru _u